| 000 | 00743nam a2200217 a 4500 | ||
|---|---|---|---|
| 005 | 20210223125332.0 | ||
| 008 | 040316s2002 mx r 000 0 spa d | ||
| 020 | _a9681664035 | ||
| 035 | _aUPN01000132666 | ||
| 049 | _aCG | ||
| 050 | 4 |
_aQH361 _bR8.3 |
|
| 100 | 1 | _aRuiz, Rosaura | |
| 245 | 1 | 0 |
_aDe Darwin al DNA y el origen de la humanidad : _bla evolución y sus polémicas / _cRosaura Ruiz, Francisco J. Ayala. |
| 260 |
_aMéxico : _bUNAM : _bFCE, _c2002. |
||
| 300 |
_a291 p. : _bil., mapas |
||
| 440 | 0 |
_aEdiciones científicas universitarias. _pTexto científico universitario |
|
| 650 | 4 |
_aEVOLUCION (BIOLOGIA) - _xHISTORIA _915310 |
|
| 650 | 4 |
_aADN _9116 |
|
| 700 | 1 |
_aAyala, Francisco José, _d1934- _ecoaut. _931925 |
|
| 905 | _aLibro | ||
| 999 |
_c104820 _d104820 |
||